|
|
|
|
| LEADER |
00000ntm a22000007u 4500 |
| 001 |
zp1585 |
| 041 |
|
|
|a cze
|
| 100 |
1 |
|
|a Běhalová, Pavla
|4 dis
|
| 245 |
1 |
0 |
|a Vliv technologických podmínek na přesnost frézování dílů forem
|
| 246 |
|
|
|a Influence of technological conditions on accuraccy when milling moulds
|
| 260 |
|
|
|c 2005
|
| 300 |
|
|
|a 81 s.
|
| 500 |
|
|
|a Studijní obor: Technologie kůže, plastů a pryže
|
| 500 |
|
|
|a Studijní obor: Technology of leather, plastics and rubber
|
| 500 |
|
|
|a Ústav: Ústav výrobního inženýrství
|
| 500 |
|
|
|a Univerzita Tomáše Bati ve Zlíně. Fakulta technologická
|
| 500 |
|
|
|a Tomas Bata University in Zlín. Faculty of Technology
|
| 506 |
|
|
|a Bez omezení
|
| 653 |
|
|
|a Frézování
|
| 653 |
|
|
|a polymery
|
| 653 |
|
|
|a jakost
|
| 653 |
|
|
|a Milling
|
| 653 |
|
|
|a polymers
|
| 653 |
|
|
|a quality
|
| 655 |
|
4 |
|a diplomová práce
|
| 700 |
1 |
|
|a Lukovics, Imrich
|4 ths
|
| 710 |
2 |
|
|a Univerzita Tomáše Bati ve Zlíně. Fakulta technologická
|4 dgg
|
| 710 |
2 |
|
|a Tomas Bata University in Zlín. Faculty of Technology
|4 dgg
|
| 856 |
4 |
0 |
|u http://hdl.handle.net/10563/36311
|y Plný text v Digitální knihovně UTB
|